Statistics for Most Populated Cities Not on Afro-Eurasia

Click here to take the quiz!

General Stats

  • This quiz has been taken 23 times
  • The average score is 14 of 17

Answer Stats

PopulationCity% Correct
21.8 millionNew York City
100%
17.6 millionLos Angeles
96%
24.5 millionMexico City
96%
13.3 millionRio de Janeiro
96%
22.6 millionSao Paulo
96%
9.7 millionChicago
91%
32.1 millionJakarta
91%
11.1 millionLima
91%
9.8 millionBogota
87%
16.6 millionBuenos Aires
87%
26.3 millionManila
87%
40.5 millionTokyo
87%
14.8 millionLondon
65%
17.7 millionOsaka
65%
9.2 millionTaipei
61%
8.9 millionWashington/Baltimore
61%
10.5 millionNagoya
57%

Score Distribution

Percentile by Number Answered

Percent of People with Each Score

Your Score History

You have not taken this quiz